000 00451nam a2200181Ia 4500
001 16191
005 20260306170251.0
008 260306t2001||||xx |||||||||||||| ||und||
041 _aESP
082 _a347.3
_bL89
100 _aLorenzetti, Ricardo Luis
_eAUT
245 0 _aDerecho contractual:
_bnuevas formas contractuales
260 _c2001
300 _a282 páginas :
_c24 cm.
650 _aGEN
654 _aCDE
942 _cLIB
_dJUS
_fJUS
_2ddc
_n
999 _c16191
_d16191